000 00308nam a2200133Ia 4500
008 231017s9999 xx 000 0 und d
082 _a624.15136BRO
082 _bBRO
245 0 _aGeotextile Reinforced Seals - AP-T37/05
245 0 _cAustroads
260 _bAustroads
300 _c30cm
942 _cREP
999 _c603791
_d603791